00533nam a2200193Ia 4500008004000000041000800040082001200048100001900060245002800079260003700107650001100144650001200155650001100167650000600178690001100184906001100195999001900206952011400225210210b1954 xxu||||| |||| 00| 0 eng d aeng a580/193 aNADKARNI (A K) aIndian materia medica I aBombaybPopular Book Depotc1954 amedica amateria aIndian aI aBotany a010453 c138221d138221 001040708BotanyaALbALcBotanyd2021-02-17g0.00l0o580/193p010453r2021-02-17 00:00:00w2021-02-17yBK